| 000 | 00452nam a2200157Ia 4500 | ||
|---|---|---|---|
| 005 | 20241219120025.0 | ||
| 008 | 231217s9999 xx 000 0 und d | ||
| 020 | _a9780074631133 | ||
| 082 | _a510.0240901 TRE;54 | ||
| 100 | _aTremblay, J PManohar, R | ||
| 245 | 0 | _aDiscrete mathematical structures with applications to computer science | |
| 260 |
_c1975 _bTMH _aNew Delhi |
||
| 300 | _axvi+606 | ||
| 650 | _aMathematical structures | ||
| 942 | _cAA | ||
| 999 |
_c170696 _d170696 |
||